000 00819nam a22002417a 4500
005 20251027145637.0
008 251027b |||||||| |||| 00| 0 eng d
017 _aLD.340
018 _a2025
020 _a9789785341622
040 _aNLN
_bEnglish
_eAACR2
050 _aBV4647.M63
_bR572
082 _a241.4
100 _aRIKA, Paul
_eaut
_958124
245 _aDivine revelation and scriptural exposition on believers' holiness in clothing and adornment /
_cPaul Rika
260 _aKwali, Abuja (Behind Federal Government College) :
_bHoliness Revival Movement Worldwide (HOREMOW),
_c2011
300 _axvii, 236p. ;
_b20cm.
563 _a(pbk.)
650 _aModesty
_vReligious aspects
_xChristianity
_968332
650 _aWomen
_vReligious life
_94755
650 _aHoliness
_vChristianity
_95279
942 _cBK
_n0
999 _c33622
_d33622